Statistics for WW1 quiz

Click here to take the quiz!

General Stats

  • This quiz has been taken 107 times
  • The average score is 10 of 15

Answer Stats

AnswerHint% Correct
Franz FerdinandAssassination of who started ww1
100%
GermanyWho were the central powers
90%
JapanAn asian country that fought Germany
89%
SarajevoIn what city did this happen
85%
Austria hungary
83%
Nicholas IITsar of russia
76%
Woodrow wilsonPresident of the united states
75%
Wilhelm IIKaiser of Germany
73%
Adolf HitlerA German soldier who was elected chancellor in 1933
70%
Spanish fluWhat disease outbreak started in 1918
68%
Ottoman empire
66%
No man's landArea between french and German front lines
64%
Treaty of VersaillesHow did ww1 end
29%
November 11 1918When did ww1 end
26%
Bolshevik revolutionWhat started in russia in 1917
16%

Score Distribution

Percentile by Number Answered

Percent of People with Each Score

Your Score History

You have not taken this quiz